000 00587cab a2200205 4500
001 WB2941-58
008 090401t1993 xxu||||| |||| 00| 0 eng d
035 _a(Sirsi) u62870
041 _aeng
245 _aSite success
260 _c1993
350 _a0
490 _aCSW - The Property Week
_v45(5) 4 November 1993, 59(1)
520 _aDiscusses the role of the building surveyors in the development team.
650 _aBUILDING SURVEYORS
650 _aDEVELOPMENT TEAM
690 _aMANAGEMENT-BUSINESS MANAGEMENT-PROFESSIONAL PRACTICE
942 _n0
948 _c04/03/1997
999 _c39054
_d39054